书目信息 |
| 题名: |
静思语
|
|
| 作者: | 蔡志忠 编绘 | |
| 分册: | ||
| 出版信息: | 北京 生活·读书·新知三联书店 1997.04 |
|
| 页数: | 273页 | |
| 开本: | 32开 | |
| 丛书名: | ||
| 单 册: | ||
| 中图分类: | J218.2 | |
| 科图分类: | ||
| 主题词: | 绘画--技法(美术) | |
| 电子资源: | ||
| ISBN: | 7-108-00974-9 | |
| 000 | 00544nam0 2200193 45 | |
| 001 | 0011210801 | |
| 005 | 20091218161020.79 | |
| 010 | @a7-108-00974-9@d12.50元 | |
| 100 | @a20001121d1997 km y0chiy0120 ea | |
| 101 | 0 | @achi |
| 105 | @a z 000yy | |
| 200 | 1 | @a静思语@AJing Si Yu@f蔡志忠编绘@FCai Zhi Zhong Bian Hui |
| 210 | @a北京@c生活·读书·新知三联书店@d1997.04 | |
| 215 | @a273页@d32开 | |
| 606 | 0 | @a绘画@x技法(美术) |
| 690 | @aJ218.2@v3 | |
| 701 | 0 | @a蔡志忠@4编绘 |
| 801 | @aCN@bPftUser@c20091218 | |
| 905 | @b414198@dJ218.2@eC070@f1 | |
| 静思语/蔡志忠编绘.-北京:生活·读书·新知三联书店,1997.04 |
| 273页;32开 |
| ISBN 7-108-00974-9:12.50元 |
| ● |
| 相关链接 |
|
|
|
正题名:静思语
索取号:J218.2/C070
 
预约/预借
| 序号 | 登录号 | 条形码 | 馆藏地/架位号 | 状态 | 备注 |
| 1 | 414198 | 204141981 | 社科库309/309社科库 72排3列4层/ [索取号:J218.2/C070] | 在馆 | |
| 2 | 414199 | 204141990 | 社科库309/ [索取号:J218.2/C070] | 在馆 |